|
|
|
|
| LEADER |
00626nam a22002051a 4500 |
| 020 |
|
|
|a 9788126720866
|c 0.00
|
| 040 |
|
|
|a SSUS - Library - Kalady
|
| 082 |
|
|
|a H3
|b SAN/R
|
| 100 |
|
|
|a Sanjeev
|
| 245 |
|
|
|a Rah jai disayem isi paar
|h [Text]
|
| 250 |
|
|
|a 1st
|
| 260 |
|
|
|a New Delhi
|b Rajkamal
|c 2011
|
| 300 |
|
|
|a 311p.
|
| 600 |
|
|
|a Novel Hindi
|
| 600 |
|
|
|a Literature Hindi
|
| 600 |
|
|
|a Literature
|
| 852 |
|
|
|h H3
|i SAN/R
|p 068235
|9 350.00
|t 0
|
| 942 |
|
|
|c BK
|
| 999 |
|
|
|c 37021
|d 37021
|
| 952 |
|
|
|0 0
|1 0
|4 0
|6 H_3_000000000000000_SAN_R
|7 0
|9 53529
|a SSUS
|b SSUS
|d 2015-01-08
|g 350.00
|l 3
|o H3 SAN/R
|p 068235
|r 2016-10-06
|s 2016-08-03
|v 0.00
|w 2015-01-08
|y BK
|